书目信息 |
| 题名: |
台阶抛掷爆破模型试验研究
|
|
| 作者: | 李祥龙 著 | |
| 分册: | ||
| 出版信息: | 北京 电子工业出版社 2021.4 |
|
| 页数: | 233页 | |
| 开本: | 24cm | |
| 丛书名: | ||
| 单 册: | ||
| 中图分类: | TB41 | |
| 科图分类: | ||
| 主题词: | 台阶爆破--定向爆破--模型--研究 | |
| 电子资源: | ||
| ISBN: | 978-7-121-33017-9 | |
| 000 | 01039nam0 2200241 45 | |
| 001 | 012001002030 | |
| 005 | 20140913092824.0 | |
| 010 | @a978-7-121-33017-9@dCNY61.00 | |
| 100 | @a20180226e20182017em y0chiy50 ea | |
| 101 | 0 | @achi |
| 102 | @aCN@b110000 | |
| 105 | @aa z 000yy | |
| 106 | @ar | |
| 200 | 1 | @a台阶抛掷爆破模型试验研究@Atai jie pao zhi bao po mo xing shi yan yan jiu@b专著@f李祥龙著 |
| 210 | @a北京@c电子工业出版社@d2021.4 | |
| 215 | @a233页@c图@d24cm | |
| 300 | @a国家自然科学基金项目、国家自然科学基金项目、爆炸科学与技术国家重点实验室开放基金项目资助 | |
| 330 | @a本书的研究依托黑岱沟露天煤矿高台阶抛掷爆破的生产实践,依据量纲分析理论和相似准则建立爆破漏斗相似模型,通过试验确定相似材料配比建立相似比1:50的高台阶抛掷爆破模型,分别研究了炸药单耗、最小抵抗线、孔距、排距、台阶坡面角及炮孔密集系统等爆破参数对高台阶抛掷爆破效果的影响规律。 | |
| 606 | 0 | @a台阶爆破@x定向爆破@x模型@x研究 |
| 690 | @aTB41@v5 | |
| 701 | 0 | @a李祥龙@Ali xiang long@4著 |
| 801 | 0 | @aCN@bBJSDL@c20211011 |
| 905 | @b1338168-71@dTB41@e589@f4 | |
| 台阶抛掷爆破模型试验研究/李祥龙著.-北京:电子工业出版社,2021.4 |
| 233页:图;24cm |
| 国家自然科学基金项目、国家自然科学基金项目、爆炸科学与技术国家重点实验室开放基金项目资助 |
| ISBN 978-7-121-33017-9:CNY61.00 |
| 本书的研究依托黑岱沟露天煤矿高台阶抛掷爆破的生产实践,依据量纲分析理论和相似准则建立爆破漏斗相似模型,通过试验确定相似材料配比建立相似比1:50的高台阶抛掷爆破模型,分别研究了炸药单耗、最小抵抗线、孔距、排距、台阶坡面角及炮孔密集系统等爆破参数对高台阶抛掷爆破效果的影响规律。 |
| ● |
| 相关链接 |
|
|
|
|
正题名:台阶抛掷爆破模型试验研究
索取号:TB41/589
 
预约/预借
| 序号 | 登录号 | 条形码 | 馆藏地/架位号 | 状态 | 备注 |
| 1 | 1338168 | 213381687 | 第二样本阅览室/ [索取号:TB41/589] | 在馆 | |
| 2 | 1338169 | 213381696 | 第三借阅区/ [索取号:TB41/589] | 在馆 | |
| 3 | 1338170 | 213381703 | 第三借阅区/ [索取号:TB41/589] | 在馆 | |
| 4 | 1338171 | 213381712 | 第三借阅区/ [索取号:TB41/589] | 在馆 |